000 00609nam a2200229Ia 4500
003 OSt
005 20220918203852.0
006 a|||||r|||| 00| 0
007 ta
008 220917b |||||||| |||| 00| 0 eng d
024 _a110,116
037 _cTextual
040 _aARTS
_cARTS
_beng
041 _2eng
_aeng
082 _aV460j6.N7, M1
100 _aDuignan P
_9109977
245 0 _aMiddle East and North Africa
_b the challenge to westren security Stanford Univ
260 _c1981
650 _aHISTORY
942 _hV460j6.N7, M1
_cTEXL
_2CC
999 _c233466
_d233466